02103agaaa2200289 45000010005000000030009000050050017000140070009000310080040000400400023000800410013001031000055001161300026001712450218001972500022004152600146004373000034005835080178006175110092007955200655008875380016015425460013015586500059015717000067016307000059016977000057017567855IT-RoPAU20220918181244.0d cvaizq50131s9999||||xx ||| | || ||und|| aIT-RoPAUcIT-RoPAU aITALIANO aAntonioni MichelangelogCodice regista SPICS: 9853 aPROFESSIONE: REPORTER aPROFESSIONE: REPORTERcProdotto da: Ponti Carlo -- Sceneggiatura: Peploe Mark Wollen Peter Antonioni Michelangelo -- Diretto da: Antonioni MichelangelopPROFESSIONE: REPORTER (Rif. Codice opera principale : H7855) aEdizione Standard aROMA - PARIGI (ITALIA)bCHAMPION - LES FILMS CONCORDIA / Distribuzione: MESSAGGERIE MUSICALIg"1974 (1° ed.: 2007 ; Ed. Lingua Orig.: 1974)" aDVDbsonoro, col.c121 minuti a"Fotografia: Tovoli Luciano; Montaggio: Arcalli Franco; Musica: Peticca Sandro; Sceneggiatura: Peploe Mark Wollen Peter Antonioni Michelangelo; Scenografia: Poletto Piero; " a"Nicholson Jack; Schneider Maria; Runacre Jenny; Hendry Jan; Berkoff Steven; Caffarel " a"DAVID LOCKE, BRILLANTE GIORNALISTA ANGLO-AMERICANO, VIENE INVIATO IN AFRICA PER UN SERVIZIO SULLA GUERRIGLIA. MENTRE SI TROVA IN ALBERGO, CASUALMENTESCOPRE IL CADAVERE DI UN UOMO E, INVECE DI DENUNCIARE LA SUA SCOMPARSA, DECIDE DI ASSUMERNE L'IDENTITA'. SEDOTTO DA QUESTA AVVENTURA PERCHE' STANCO DELLA PROPRIA VITA, BEN PRESTO SI ACCORGERA' DI ESSERE COINVOLTO IN UN GIOCOPIU' GRANDE DI LUI. FULM SUGGESTIVO E VISIONARIO, VINCITORE DI DUE NASTRI D'ARGENTO PER LA MIGLIOR REGIA E LA MIGLIORE FOTOGRAFIA. CONTENUTI EXTRA: COMMENTO DI JACK NICHOLSON; COMMENTO DELLO SCENEGGIATORE MARK PEPLOE E DELLAGIORNALISTA AURORA IRVINE; TRAILER CINEMATOGRAFICO." aPAL, STEREO aITALIANO aDRAMMATICOeDVD-FILM [DVD]xCodice MATERIA SPICS: 9947 aAntonioni Michelangelo e(regista)gCodice regista SPICS: 9853 aPeploe Mark e(soggetto)gCodice Soggetto SPICS: 48283 aPeticca Sandroe(musica)gCodice Musica SPICS: 48282